000 00583nam a22002057i 4500
001 6000
003 OSt
005 20181119124230.0
007 tu
008 161220s2001 xxu||||| |||| 00| 0 d
020 _a3930963655
024 7 _a6000
_2RID
024 7 _a6000
_2RSN (alt)
040 _cOSt
100 1 _aRagnitz, Joachim
245 0 0 _aProduktivitätsunterschiede und Konvergenz von Wirtschaftsräumen
_bDas Beispiel der neuen Länder
260 _aHalle :
_bInstitut für Wirtschaftsforschung Halle IWH,
_c2001.
490 _aIWH Forschungsreihe - Sonderheft
_v3
942 _cP
999 _c5689
_d5689